000
00336 a2200157 4500
001
62034
020
_a
9788538004578
040
_c
Anchieta - Pituba
100
_a
Jefferies, Cindy
240
1
0
_a
Uma nova estrela
_l
por
245
1
0
_a
Uma nova estrela
300
_a
122
362
0
_a
2009
650
4
_a
Literatura juvenil
942
_c
BK
999
_c
62034
_d
62034